ბათუმის შოთა რუსთაველის სახელმწიფო უნივერსიტეტის ბიბლიოთეკა

მეთოდური მითითებები საკონტროლო დავალებები და მათი ამოხსნის ნიმუშები ელექტროტექნიკის თეორიულ საფუძვლებში : (ბიბ.ჩანაწერი № 56923)

000 -ლიდერი
ფიქსირებული სიგრძის საკონტროლო ველი 01244nam a22001937a 4500
003 - საკონტროლო ნომრის იდენტიფიკატორი
საკონტროლო ველი Ge_BSU
005 - ბოლო ოპერაციის თარიღი და დრო
საკონტროლო ველი 20190621172741.0
008 - ფიქსირებული სიგრძის მონაცემთა ელემენტები - ზოგადი ინფორმაცია
ფიქსირებული სიგრძის საკონტროლო ველი 190621b1979 ge ||||| |||| 00| 0 geo d
041 ## - ენის კოდი
Language code of text/sound track or separate title geo
080 ## - უნივერსალური ათობითი კლასიფიკაციის ინდექსი
Universal Decimal Classification number 621.3 (076.1) მ-50
245 ## - ცნობა სათაურის შესახებ
Title მეთოდური მითითებები საკონტროლო დავალებები და მათი ამოხსნის ნიმუშები ელექტროტექნიკის თეორიულ საფუძვლებში :
Remainder of title ელექტროტექნიკური სპეციალობის სტუდენტებისათვის /
Statement of responsibility, etc შემდგ : გ.კოხრეიძე ; რედ : მ. ძიძიგური.
264 ## - წარმოების, გამოცემის, დისტრიბუციის და სხვა ცნობები
გამოცემის, წარმოების, დისტრიბუციის... ადგილი თბილისი :
გამოცემის, წარმოების, დისტრიბუციის... სახელწოდება სპი,
გამოცემის, წარმოების, დისტრიბუციის... თარიღი 1979.
300 ## - ფიზიკური აღწერა
Extent 68 გვ.:
Other physical details ცხრ ;
Dimensions 19 სმ.
653 ## - INDEX TERM--UNCONTROLLED
Uncontrolled term ელექტროტექნიკის თეორიული საფუძვლები
653 ## - INDEX TERM--UNCONTROLLED
Uncontrolled term მეთოდური მითითებები
700 ## - ADDED ENTRY--PERSONAL NAME
Personal name კოხრეიძე , გ
Relator term შემდგენელი
9 (RLIN) 2750
700 ## - ADDED ENTRY--PERSONAL NAME
Personal name ძიძიგური, მ.
Relator term რედაქტორი
9 (RLIN) 472
942 ## - ADDED ENTRY ELEMENTS (KOHA)
Source of classification or shelving scheme
Koha item type წიგნი
ეგზემპლარები
ჩამოწერის სტატუსი დაკარგული ეგზემპლარის სტატუსი კლასიფიკაციის წყარო ან თაროზე გაწყობის სქემა დაზიანების სტატუსი არ გაიცემა მუდმივი მდებარეობა (დაცვის ადგილი) ამჟამინდელი ადგილსამყოფელი თაროზე განთავსების ადგილი შეძენის თარიღი ღირებულება, შესყიდვის ნორმალური ფასი სრული შენახვის შიფრი შტრიხკოდი ბოლო ოპერაციის თარიღი ეგზემპლარის მიმდევრობითი ნომერი (კეტერი?) ფასის ძალაში შესვლის თარიღი ეგზემპლარის სახეობა საჯარო შენიშვნა
          ტექნოლოგიური ფაკულტეტის ბიბლიოთეკა ტექნოლოგიური ფაკულტეტის ბიბლიოთეკა წიგნსაცავი 2019-06-21 0.00 621.3 (076.1) მ-50 10737 2019-06-21 10737 2019-06-21 წიგნი 0.60 თ.
          ტექნოლოგიური ფაკულტეტის ბიბლიოთეკა ტექნოლოგიური ფაკულტეტის ბიბლიოთეკა წიგნსაცავი 2019-06-21 0.00 621.3 (076.1) მ-50 10738 2019-06-21 10738 2019-06-21 წიგნი 0,60 თ.
          ტექნოლოგიური ფაკულტეტის ბიბლიოთეკა ტექნოლოგიური ფაკულტეტის ბიბლიოთეკა წიგნსაცავი 2019-06-21 0.00 621.3 (076.1) მ-50 10739 2019-06-21 10739 2019-06-21 წიგნი 0,60 თ.
          ტექნოლოგიური ფაკულტეტის ბიბლიოთეკა ტექნოლოგიური ფაკულტეტის ბიბლიოთეკა წიგნსაცავი 2019-06-21 0.00 621.3 (076.1) მ-50 10740 2019-06-21 10740 2019-06-21 წიგნი 0,60 თ.